000 01562nam a22003137i 4500
999 _c64332
_d64332
001 768714001
003 CO-MdFUSB
005 20240618062719.0
008 180727t2015 xxu||||| |||| 00| 0 spa d
020 _a9781516977642
040 _aCO-MdFUSB
_bspa
_cCO-MdFUSB
_dCO-MdFUSBC
_erda
041 _aspa
082 _222
_a266
_bL673m
100 _aLewis, Jonatán Paul
_eautor.
245 1 _aMisión mundial
_b: el pueblo de Dios en su plan global.
_c/ Jonatán P. Lewis
250 _aEdición hispanoamericana.
264 1 _a[Columbia, USA] :
_b[Global Network],
_c[2018]
264 4 _c©2015
300 _a196 páginas
_c; 24 cm
336 _2rdacontent
_atexto
_btxt
337 _2rdamedia
_asin mediación
_bn
338 _2rdacarrier
_avolumen
_bnc
500 _aEdición basada en Misión Mundial: Propósito y plan de Dios, 4a edición.
505 _aMisión, la base de la Biblia -- ¿Están perdidos? -- La historia de su gloria -- ¿Qué quiere Dios? -- La responsabilidad de Israel. -- La respuesta de Israel. -- Venga tu reino. -- Cristo y el reino. -- Los discípulos y el reino. -- El mandato supremo. -- El ministerio apostólico de Pablo. -- El objetivo de la misión. -- Las diez épocas -- Expansión cristiana. -- El movimiento misionero protestante. -- Misiones hacia América Latina. -- De campo misionero a fuerza misionera. -- Ocupándonos en la tarea. -- El llamado y la formación del misionero. -- La iglesia local y las misiones.
563 _aRústico
650 0 _aMisiones
_9154
650 7 _aMisioneros
_2
_9931
942 _cBK